| 000 | 00504nam a2200193 a 4500 | ||
|---|---|---|---|
| 001 | 1770285652593 | ||
| 003 | YourLibrary | ||
| 005 | 20260205153742.0 | ||
| 008 | 260205s2004##################000#0#eng## | ||
| 020 | _a9780446690348 | ||
| 082 | 0 | 4 |
_a332.024 _bKIY |
| 100 | 1 |
_aKiyosaki, Robert T., _eauthor. |
|
| 245 | 1 | 0 | _aRich Dad's Prophecy : |
| 260 |
_bBusiness Plus, _c2004. |
||
| 300 | _a286 pages | ||
| 650 | 0 | _aBusiness & Economics. | |
| 942 | _cENGLISH | ||
| 040 |
_aYourLibrary _beng _cYourLibrary |
||
| 999 |
_c610449 _d610449 |
||